<?xml version="1.0" encoding="UTF-8"?>
<record
    xmlns:xsi="http://www.w3.org/2001/XMLSchema-instance"
    xsi:schemaLocation="http://www.loc.gov/MARC21/slim http://www.loc.gov/standards/marcxml/schema/MARC21slim.xsd"
    xmlns="http://www.loc.gov/MARC21/slim">

  <leader>01551nam a22001817a 4500</leader>
  <controlfield tag="003">IT-RoPau</controlfield>
  <controlfield tag="005">20220918175937.0</controlfield>
  <controlfield tag="008">130109b        xxu||||| |||| 00| 0 eng d</controlfield>
  <datafield tag="040" ind1=" " ind2=" ">
    <subfield code="c">IT-RoPau</subfield>
  </datafield>
  <datafield tag="100" ind1=" " ind2=" ">
    <subfield code="a">Alberione [James] Giacomo</subfield>
    <subfield code="q">Fondatore Famiglia Paolina</subfield>
    <subfield code="9">124</subfield>
  </datafield>
  <datafield tag="245" ind1=" " ind2=" ">
    <subfield code="a">Abundantes divitiae gratiae suae.</subfield>
    <subfield code="b">How infinetely rich he is grace (Eph 2:7). The Charismatic History of the Pauline Family</subfield>
  </datafield>
  <datafield tag="250" ind1=" " ind2=" ">
    <subfield code="a">III</subfield>
  </datafield>
  <datafield tag="260" ind1=" " ind2=" ">
    <subfield code="a">Boston</subfield>
    <subfield code="b">FSP</subfield>
    <subfield code="c">1979</subfield>
  </datafield>
  <datafield tag="300" ind1=" " ind2=" ">
    <subfield code="a">136 p.</subfield>
    <subfield code="c">17,5 cm</subfield>
  </datafield>
  <datafield tag="490" ind1=" " ind2=" ">
    <subfield code="v">I</subfield>
  </datafield>
  <datafield tag="520" ind1=" " ind2=" ">
    <subfield code="a">                                            CONTENTS

Key          + Titles taken from the handwritten manu-
                  script
                - Titles taken from the typewritten second
                   edition
                * Titles taken from the context

Presentation
"Abundantes Divitiae Gratiae Suae"
Moments of Greater Grace
The Particular Mission
From an Organization to a Religious-
     Community Life
The Pauline Family
Youth
Divine Predilection
God's Ways
"Romanit&#xE0;"
Social Spirit
Universality
The Liturgical spirit
Three Principal Churches
Catechism
Pastoral Spirit
Salt...Light...City...
Pauline Spirit
First Preparation
...To Rome
Expansiveness
The Cooperators- A Gift and a Treasure
Work
Divine Providence
The Gospel
Personality Development
"Do Not be Afraid..."
Divine Assistance
Profound Spirituality
The Devotions
Things To Be Achieved
Thanksgiving to God
Appendix
Farewall
Alphabetical Index (Topics-Location-
    Person)
Index of Biblic Citations
Key to the use the Sources


</subfield>
  </datafield>
  <datafield tag="942" ind1=" " ind2=" ">
    <subfield code="2">ddc</subfield>
    <subfield code="c">BK</subfield>
  </datafield>
  <datafield tag="999" ind1=" " ind2=" ">
    <subfield code="c">37722</subfield>
    <subfield code="d">37722</subfield>
  </datafield>
  <datafield tag="952" ind1=" " ind2=" ">
    <subfield code="0">0</subfield>
    <subfield code="1">0</subfield>
    <subfield code="2">ddc</subfield>
    <subfield code="4">0</subfield>
    <subfield code="6">P_A8</subfield>
    <subfield code="7">1</subfield>
    <subfield code="a">PAULUS</subfield>
    <subfield code="b">PAULUS</subfield>
    <subfield code="d">2013-01-09</subfield>
    <subfield code="l">0</subfield>
    <subfield code="o">P A8</subfield>
    <subfield code="r">2013-01-09 00:00:00</subfield>
    <subfield code="w">2013-01-09</subfield>
    <subfield code="y">BK</subfield>
  </datafield>
</record>
